000 01041nam a2200265 a 4500
001 000749738
003 AM-YeHGA
005 20250617161054.0
008 100709s1964 ru |||||r|||||000|0|rus|d
040 _aAM-YeHGA
041 0 _arus
100 1 _aТумановский, Михаил Николаевич
245 1 0 _aФункциональная диагностика заболеваний сердца /
_cМ.Н. Тумановский, Ю.Д. Сафонов.
260 _aМосква :
_bМедицина,
_c1964.
300 _a408 с. :
_bил. ;
_c27 см.
504 _aБиблиогр.: с. 389-405
650 1 4 _aСердца болезни
_xДиагноз
650 1 4 _aСердечно-сосудистая система, физиология
650 1 4 _aЭКГ
650 1 4 _aВекторкардиография
650 1 4 _aРентгенодиагностика
_xМетоды
650 1 4 _aФонокардиография
700 1 _aСафонов, Юрий Дмитриевич
090 _c468219
999 _c465022
_d465022